Flagi Europy - Statystyki

Ogólne statystyki
  • Ten quiz został rozwiązany 91 razy
  • Średni wynik to 39 z 43
Statystyki odpowiedzi
Obrazkowy Odpowiedź % Poprawnych
Włochy
100%
Polska
99%
Francja
98%
Grecja
98%
Belgia
96%
Czechy
96%
Hiszpania
96%
Niemcy
96%
Portugalia
96%
Szwecja
96%
Ukraina
96%
Finlandia
95%
Norwegia
95%
Holandia
94%
Słowacja
94%
Szwajcaria
94%
Białoruś
93%
Chorwacja
93%
Irlandia
93%
Słowenia
93%
Watykan
93%
Albania
92%
Austria
92%
Bośnia i Hercegowina
92%
Monako
92%
Rumunia
92%
Dania
91%
Estonia
91%
Litwa
89%
Macedonia Północna
89%
Malta
88%
Islandia
87%
Łotwa
87%
Luksemburg
87%
Węgry
87%
Kosowo
86%
San Marino
86%
Serbia
86%
Bułgaria
85%
Mołdawia
85%
Czarnogóra
81%
Andora
79%
Lichtenstein
54%
Nie znaleziono quizów pasujących do podanych kryteriów
Rozkład punktacji
Procent ludzi z każdym wynikiem
Percentyl według liczby udzielonych odpowiedzi
Twoja historia wyników
Nie rozwiązałeś tego quizu